| 000 -LEADER |
| fixed length control field |
00389nam a2200145Ia 4500 |
| 008 - FIXED-LENGTH DATA ELEMENTS--GENERAL INFORMATION |
| fixed length control field |
180907s9999||||xx |||||||||||||| ||und|| |
| 020 ## - INTERNATIONAL STANDARD BOOK NUMBER |
| International Standard Book Number |
9.7819334926e+012 |
| 082 ## - DEWEY DECIMAL CLASSIFICATION NUMBER |
| Classification number |
743 |
| Item number |
WHI/P |
| 100 ## - MAIN ENTRY--PERSONAL NAME |
| Personal name |
Whitlatch, Terryl |
| 245 #0 - TITLE STATEMENT |
| Title |
Science of Creature Design: Understanding Animal Anatomy |
| 250 ## - EDITION STATEMENT |
| Edition statement |
1st Edition |
| 260 ## - PUBLICATION, DISTRIBUTION, ETC. |
| Place of publication, distribution, etc. |
CA |
| Name of publisher, distributor, etc. |
Design Studio Press |
| Date of publication, distribution, etc. |
2015 |
| 300 ## - PHYSICAL DESCRIPTION |
| Extent |
163p. |
| 942 ## - ADDED ENTRY ELEMENTS (KOHA) |
| Koha item type |
Book |